Sports Quiz

Random Sports or Baseball Quiz

MLB All-Decade Teams Quiz Stats

 Plays Quiz not verified by Sporcle

Score 0/121 Timer 12:00
0 Plays Today
Decade Player Name % Correct
2000s (Team: 577.3)Alex Rodriguez
95.7%
1920s (Team: 580.3)Lou Gehrig
90%
2000s (Team: 577.3)Barry Bonds
89.8%
1970s (Team: 576.9)Johnny Bench
89.5%
2000s (Team: 577.3)Derek Jeter
89.5%
2000s (Team: 577.3)Randy Johnson
89.3%
2000s (Team: 577.3)Albert Pujols
88.9%
1950s (Team: 592.7)Yogi Berra
87.7%
1920s (Team: 580.3)Babe Ruth
86.7%
1930s (Team: 610.9)Babe Ruth
85.1%
1960s (Team: 601)Willie Mays
83.2%
1970s (Team: 576.9)Bobby Bonds
82.2%
1960s (Team: 601)Frank Robinson
82.2%
1950s (Team: 592.7)Mickey Mantle
82.1%
1990s (Team: 622.8)Barry Bonds
81.5%
1930s (Team: 610.9)Lou Gehrig
81.5%
1950s (Team: 592.7)Jackie Robinson
81.4%
1950s (Team: 592.7)Willie Mays
81.3%
1990s (Team: 622.8)Roger Clemens
79.7%
1910s (Team: 639.6)Walter Johnson
79.6%
1990s (Team: 622.8)Ken Griffey
79.6%
1960s (Team: 601)Hank Aaron
79.4%
1990s (Team: 622.8)Mike Piazza
79.3%
1990s (Team: 622.8)Edgar Martinez
78.3%
1940s (Team: 497.9)Ted Williams
77.1%
1970s (Team: 576.9)Reggie Jackson
76.5%
1940s (Team: 497.9)Stan Musial
75.9%
1970s (Team: 576.9)Mike Schmidt
75.8%
1940s (Team: 497.9)Joe DiMaggio
75.4%
1950s (Team: 592.7)Stan Musial
73.5%
1960s (Team: 601)Pete Rose
73.1%
1910s (Team: 639.6)Ty Cobb
72.8%
1990s (Team: 622.8)Greg Maddux
72.2%
1970s (Team: 576.9)Joe Morgan
72.2%
1900s (Team: 579.7)Honus Wagner
71.8%
1970s (Team: 576.9)Tom Seaver
69.7%
1920s (Team: 580.3)Rogers Hornsby
69%
1910s (Team: 639.6)Shoeless Joe Jackson
68.9%
1960s (Team: 601)Harmon Killebrew
66.1%
1930s (Team: 610.9)Jimmie Foxx
65.8%
1950s (Team: 592.7)Eddie Mathews
65.4%
Decade Player Name % Correct
1920s (Team: 580.3)Tris Speaker
65.1%
1980s (Team: 531.8)Gary Carter
64.7%
1980s (Team: 531.8)Robin Yount
63.8%
1960s (Team: 601)Bob Gibson
63.3%
2000s (Team: 577.3)Jorge Posada
63.1%
1970s (Team: 576.9)Reggie Smith
62.8%
1980s (Team: 531.8)Wade Boggs
62.3%
1950s (Team: 592.7)Duke Snider
62.2%
1970s (Team: 576.9)Rod Carew
62.1%
1990s (Team: 622.8)Craig Biggio
61.6%
1990s (Team: 622.8)Jeff Bagwell
60.2%
1980s (Team: 531.8)Eddie Murray
59.7%
1900s (Team: 579.7)Cy Young
59.6%
1950s (Team: 592.7)Ernie Banks
59.2%
1960s (Team: 601)Roberto Clemente
58.7%
1980s (Team: 531.8)Rickey Henderson
58.6%
1970s (Team: 576.9)Willie Stargell
58.6%
1910s (Team: 639.6)Tris Speaker
57.6%
1930s (Team: 610.9)Bill Dickey
57.3%
1990s (Team: 622.8)Barry Larkin
57.3%
1900s (Team: 579.7)Christy Mathewson
55.9%
1930s (Team: 610.9)Lefty Grove
55.7%
1900s (Team: 579.7)Nap Lajoie
55%
1940s (Team: 497.9)Bob Feller
54.8%
1930s (Team: 610.9)Mel Ott
53.6%
2000s (Team: 577.3)Roy Halladay
53.3%
1910s (Team: 639.6)Eddie Collins
50.4%
2000s (Team: 577.3)Ichiro Suzuki
49.9%
1980s (Team: 531.8)Dale Murphy
49.5%
1960s (Team: 601)Ron Santo
49.5%
2000s (Team: 577.3)Jeff Kent
49.4%
1950s (Team: 592.7)Warren Spahn
49.1%
1970s (Team: 576.9)Phil Niekro
46.8%
1920s (Team: 580.3)Grover Cleveland Alexander
46.7%
1910s (Team: 639.6)Grover Cleveland Alexander
46.4%
1930s (Team: 610.9)Charlie Gehringer
46.2%
1980s (Team: 531.8)Lou Whitaker
44.8%
2000s (Team: 577.3)Todd Helton
43.6%
1980s (Team: 531.8)Alan Trammell
43.4%
1940s (Team: 497.9)Johnny Mize
41.2%
1960s (Team: 601)Juan Marichal
40.5%
Decade Player Name % Correct
1980s (Team: 531.8)Tim Raines
37.8%
1910s (Team: 639.6)Home Run Baker
37%
2000s (Team: 577.3)Carlos Beltran
34.5%
1900s (Team: 579.7)Sam Crawford
33.6%
1950s (Team: 592.7)Robin Roberts
33%
1960s (Team: 601)Joe Torre
32.1%
1920s (Team: 580.3)Pie Traynor
31.5%
1930s (Team: 610.9)Carl Hubbell
30.7%
1940s (Team: 497.9)Joe Gordon
30.5%
1940s (Team: 497.9)Lou Boudreau
29.5%
1930s (Team: 610.9)Arky Vaughan
29.5%
1920s (Team: 580.3)Harry Heilmann
29.1%
1940s (Team: 497.9)Walker Cooper
28.5%
1990s (Team: 622.8)Kenny Lofton
27.9%
1920s (Team: 580.3)Frankie Frisch
27.7%
1940s (Team: 497.9)Hal Newhouser
26.8%
1990s (Team: 622.8)Robin Ventura
26.4%
1900s (Team: 579.7)Frank Chance
26.4%
1980s (Team: 531.8)Dave Stieb
25.9%
1940s (Team: 497.9)Bobby Doerr
25.5%
1970s (Team: 576.9)Bert Campaneris
25.2%
1920s (Team: 580.3)Dazzy Vance
19.4%
1910s (Team: 639.6)Wally Schang
17.5%
1900s (Team: 579.7)Roger Bresnahan
17.1%
1930s (Team: 610.9)Earl Averill
17%
1980s (Team: 531.8)Bob Welch
15.8%
1960s (Team: 601)Jim Fregosi
15.8%
1900s (Team: 579.7)Fred Clarke
14.4%
1920s (Team: 580.3)Wally Schang
10.7%
1950s (Team: 592.7)Minnie Minoso
10.6%
1920s (Team: 580.3)Joe Sewell
10.3%
1940s (Team: 497.9)Bob Elliott
9.1%
1930s (Team: 610.9)Red Rolfe
8.5%
1910s (Team: 639.6)Ed Konetchy
7.8%
1900s (Team: 579.7)Elmer Flick
5.5%
1900s (Team: 579.7)Bobby Wallace
5%
1900s (Team: 579.7)Tommy Leach
4.3%
1910s (Team: 639.6)Larry Doyle
3.1%
1910s (Team: 639.6)Art Fletcher
2%

You're not logged in!

Compare scores with friends on all Sporcle quizzes.
OR
Log In

Sporcle TV

Today on Sporcle TV


Watch our educational content, quiz creation guides, and fun videos on Sporcle TV.

Show Comments

Extras

Top Quizzes Today


Score Distribution

Your Account Isn't Verified!

In order to create a playlist on Sporcle, you need to verify the email address you used during registration. Go to your Sporcle Settings to finish the process.

Report this User

Report this user for behavior that violates our Community Guidelines.

Details: